| 000 | 01563nam0a22003731 4500 | ||
|---|---|---|---|
| 001 | v19\rc\1936673 | ||
| 005 | 20251118180758.2 | ||
| 035 | _a(NLR Aleph) 005020780 | ||
| 090 |
_a6586733 _c6586733 |
||
| 100 | _a20080404d1912 |||y0rusy50 ca | ||
| 101 | 0 | _arus | |
| 102 | _aRU | ||
| 105 | _aab z |||cb | ||
| 200 | 1 |
_aГенерал-квартирмейстер Карл Федор. Толь в Отечественную войну _e[Мемуары его и биогр. очерк] _fИзд., [предисл.] и ред. гр. Е.Н. Толя |
|
| 210 |
_a[Санкт-Петербург] _cСев. печ. _d1912 |
||
| 215 |
_aXL, 312 с., 7 л. ил., карт. _d26 |
||
| 300 | _aЗагл. обл.: Генерал-квартирмейстер К.Ф. Толь в 1812 году | ||
| 512 | 0 | _aГенерал-квартирмейстер К.Ф. Толь в 1812 году | |
| 532 | 1 | 0 | _aГенерал-квартирмейстер Карл Федорович Толь в Отечественную войну |
| 700 | 1 |
_aТоль _bК. Ф. _f1777-1842 _gКарл Федорович |
|
| 702 | 1 |
_aТоль _bЕ. Н. _f1871- _gЕвгений Николаевич _4650 _4080 _4340 |
|
| 801 | 0 |
_aRU _bNLR _gpsbo |
|
| 801 | 0 |
_aRU _bRuMoRGB _2psbo |
|
| 801 | 1 |
_aRU _bProSoft-M _2rusmarc |
|
| 852 |
_aNLR _j37.35.2.64 |
||
| 852 |
_aNLR _j132/4050 |
||
| 852 |
_aNLR _bМф _jК1/23894 |
||
| 899 |
_aRuMoRGB _jU 134/308 |
||
| 899 |
_aRuMoRGB _jB 21/281 |
||
| 899 |
_aRuMoRGB _j801-83/9871-7 |
||
| 899 | _aБАН | ||
| 899 | _aНБ СПбГУ | ||
| 942 | _cBOOK | ||
| 980 | _aNB | ||